Datos para una reseña física y geológica de la región S. E. de la provincia de Almeria / (Record no. 52974)

MARC details
000 -LEADER
campo de control de longitud fija 00850nam a22001935i 4500
001 - NÚMERO DE CONTROL
campo de control 52974
003 - IDENTIFICADOR DE NÚMERO DE CONTROL
campo de control ES-MaACL
005 - FECHA Y HORA DE LA ÚLTIMA TRANSACCIÓN
campo de control 20230906162659.0
007 - CAMPO FIJO DE DESCRIPCIÓN FÍSICA--INFORMACIÓN GENERAL
campo de control de longitud fija t|
008 - DATOS DE LONGITUD FIJA--INFORMACIÓN GENERAL
campo de control de longitud fija 950906s1877 sp ||||1| spa d
040 ## - FUENTE DE CATALOGACIÓN
Centro catalogador/agencia de origen CAM
Lengua de catalogación spa
Centro/agencia transcriptor CAM
100 1# - ENTRADA PRINCIPAL--NOMBRE DE PERSONA
Nombre de persona Donayre, Felipe Martín.
9 (RLIN) 45298
245 10 - MENCIÓN DEL TÍTULO
Título Datos para una reseña física y geológica de la región S. E. de la provincia de Almeria /
Mención de responsabilidad, etc. por Felipe M. Donayre.
260 ## - PUBLICACIÓN, DISTRIBUCIÓN, ETC.
Lugar de publicación, distribución, etc. Madrid :
Nombre del editor, distribuidor, etc. [s.n],
Fecha de publicación, distribución, etc. 1877 (
Fabricante imprenta y fundición de Manuel Tello)
300 ## - DESCRIPCIÓN FÍSICA
Extensión [2], 77 p., [1] h. de map. ;
Dimensiones 25 cm.
650 #4 - PUNTO DE ACCESO ADICIONAL DE MATERIA--TÉRMINO DE MATERIA
Término de materia o nombre geográfico como elemento de entrada Geología-
Subdivisión geográfica Almería.
9 (RLIN) 144128
651 #4 - PUNTO DE ACCESO ADICIONAL DE MATERIA--NOMBRE GEOGRÁFICO
Nombre geográfico Almería-
Subdivisión general Geografía.
9 (RLIN) 144127
852 ## - LOCALIZACIÓN
Ubicación ES-MaACL
Número de control de estantería T-1107-F-7
Nota libre -- Enc. hol., conservando la cub. original
-- -- Legado Federico de Botella y de Hornos
-- -- An ms.: ded. del autor a Federico de Botella y Hornos
-- -- Enc. en un vol. facticio
Holdings
Estatus retirado Estado de pérdida Estado de daño No para préstamo Colección Biblioteca de origen Biblioteca actual Ubicación en estantería Fecha de adquisición Fuente de adquisición Total de préstamos Signatura topográfica completa Código de barras Visto por última vez Precio de reemplazo Tipo de ítem Koha
        Colección de folletos Biblioteca del Ateneo de Madrid Biblioteca del Ateneo de Madrid Depósito folletos 17/01/2008     T-1107-F-7 1055668 23/02/2023 23/02/2023 Folleto